[Event "Bayerische EM 2022 - Allgemeine Gruppe"]
[Site "Rosenheim"]
[Date "2022.08.26"]
[Round "8.20"]
[White "Donegani, Peter"]
[Black "Luhn, Robert"]
[Result "0-1"]
[WhiteElo "2040"]
[BlackElo "1989"]
[PlyCount "94"]
[EventDate "2022.??.??"]
[WhiteTeam "SG Traunstein/Traunreut"]
[BlackTeam "SK Caissa Augsburg"]

1. e4 c5 2. Nf3 d6 3. d4 cxd4 4. Qxd4 Nc6 5. Qe3 Nf6 6. Be2 g6 7. O-O Bg7 8. h3
O-O 9. Rd1 Qb6 10. Nc3 Bd7 11. a3 Qxe3 12. Bxe3 Rfc8 13. Nd4 Ne5 14. f3 a6 15.
Na2 Nc4 16. Bc1 e5 17. Nb3 Be6 18. Nc3 Bf8 19. Bxc4 Rxc4 20. Na5 Rc7 21. Be3
Nd7 22. Rd2 b6 23. Nb3 Rac8 24. Re1 b5 25. Ree2 f5 26. Nd5 Bxd5 27. exd5 Kf7
28. c3 Be7 29. Rd1 Bd8 30. Kh2 g5 31. Bf2 h5 32. g4 hxg4 33. hxg4 fxg4 34. fxg4
Nf6 35. Rf1 Rc4 36. Bg3 Kg6 37. Nd2 Rxg4 38. Kh3 Ra4 39. c4 bxc4 40. Ne4 Nxe4
41. Rxe4 Ra5 42. Bxe5 dxe5 43. Rxe5 c3 44. Re8 cxb2 45. Rg8+ Kh7 46. Rff8 Rxa3+
47. Kg4 Rc4+ 0-1

[Event "Bayerische EM 2022 - Allgemeine Gruppe"]
[Site "Rosenheim"]
[Date "2022.08.26"]
[Round "8.21"]
[White "Höller, Armin"]
[Black "Bunk, Wolfgang"]
[Result "1-0"]
[WhiteElo "2045"]
[BlackElo "2011"]
[PlyCount "115"]
[EventDate "2022.??.??"]
[WhiteTeam "SK Weilheim"]
[BlackTeam "SC Bavaria Regensburg von 1881"]

1. c4 Nf6 2. g3 g6 3. Bg2 Bg7 4. Nc3 O-O 5. Nf3 d6 6. O-O c5 7. d3 Nc6 8. a3
Rb8 9. Rb1 a5 10. Ne1 Ne8 11. Bd2 Nc7 12. Nc2 Na6 13. Nb5 Bd7 14. b4 axb4 15.
axb4 Naxb4 16. Nxb4 cxb4 17. e3 Bf5 18. Bxb4 Nxb4 19. Rxb4 Qd7 20. Qb3 Bh3 21.
Bxh3 Qxh3 22. Nc7 Qd7 23. Na6 Ra8 24. Rxb7 Qd8 25. Qb5 h5 26. d4 h4 27. Rb1 Qc8
28. c5 dxc5 29. dxc5 Qf5 30. Rb6 h3 31. c6 Qe4 32. Qf1 Be5 33. R1b4 Qf3 34.
Qxh3 Rfd8 35. Rb1 Rd2 36. Qg2 Qe2 37. c7 Kg7 38. Qf1 Qf3 39. Qg2 Qe2 40. Qf1
Qf3 41. Rb8 Bxc7 42. Rxa8 Bxg3 43. hxg3 Qxa8 44. Nc5 Qa2 45. Ne4 Rc2 46. Rb8
Qe6 47. Qa1+ f6 48. Qa8 Ra2 49. Qb7 Ra1+ 50. Kg2 Qe5 51. Nd2 Ra2 52. Qc8 g5 53.
Qg8+ Kh6 54. Qh8+ Kg6 55. Rg8+ Kf7 56. Rf8+ Kg6 57. Qg8+ Kh6 58. Qxa2 1-0

[Event "Bayerische EM 2022 - Allgemeine Gruppe"]
[Site "Rosenheim"]
[Date "2022.08.27"]
[Round "9.1"]
[White "Löw, Gerald"]
[Black "Schulz, Lukas"]
[Result "1/2-1/2"]
[WhiteElo "2153"]
[BlackElo "2271"]
[PlyCount "24"]
[EventDate "2022.??.??"]
[WhiteTeam "TSV Bindlach Aktionär"]
[BlackTeam "SC Erlangen"]

1. c4 Nf6 2. Nc3 g6 3. e4 d6 4. d4 Bg7 5. h3 O-O 6. Bd3 e5 7. d5 a5 8. g4 Na6
9. Qd2 Nc5 10. f3 Ne8 11. h4 f5 12. g5 f4 1/2-1/2

[Event "Bayerische EM 2022 - Allgemeine Gruppe"]
[Site "Rosenheim"]
[Date "2022.08.27"]
[Round "9.2"]
[White "Kolb, Tobias"]
[Black "Miller, Eduard"]
[Result "1/2-1/2"]
[WhiteElo "2355"]
[BlackElo "2353"]
[PlyCount "93"]
[EventDate "2022.??.??"]
[WhiteTeam "SC Bamberg"]
[BlackTeam "SC Erlangen"]

1. d4 Nf6 2. c4 g6 3. Nc3 Bg7 4. e4 d6 5. Nf3 O-O 6. Be2 e5 7. d5 a5 8. h3 Na6
9. Bg5 Qe8 10. Nd2 Nd7 11. a3 Nb6 12. Be3 Bd7 13. b3 f5 14. f3 Rf7 15. Rb1 Nc5
16. Qc2 Qf8 17. O-O Bh6 18. Bf2 fxe4 19. Ndxe4 Nxe4 20. Nxe4 Bf5 21. Bd3 Nd7
22. b4 axb4 23. axb4 Nf6 24. Nxf6+ Rxf6 25. Ra1 b6 26. c5 bxc5 27. bxc5 dxc5
28. Bxf5 Rxf5 29. Bxc5 Qd8 30. Qb3 Rxa1 31. Rxa1 Bf8 32. Bxf8 Rxf8 33. Ra7 Qd6
34. Qb7 Rf7 35. Ra6 Qc5+ 36. Kh2 Qd4 37. Qa8+ Kg7 38. Ra4 Qb2 39. Rc4 Qb5 40.
Re4 Re7 41. f4 Re8 42. Qa7 Qxd5 43. Qxc7+ Kf6 44. Re1 Re7 45. Qc3 h6 46. Qg3 e4
47. Qc3+ 1/2-1/2

[Event "Bayerische EM 2022 - Allgemeine Gruppe"]
[Site "Rosenheim"]
[Date "2022.08.27"]
[Round "9.3"]
[White "Hinterreiter, Markus"]
[Black "Vuckovic, Zarko"]
[Result "0-1"]
[WhiteElo "2119"]
[BlackElo "2286"]
[PlyCount "58"]
[EventDate "2022.??.??"]
[WhiteTeam "TSV Trostberg"]
[BlackTeam "SF Augsburg"]

1. e4 e5 2. Nf3 Nc6 3. Bc4 Nf6 4. d3 Be7 5. O-O O-O 6. Nc3 d6 7. a4 Bg4 8. h3
Bxf3 9. Qxf3 Nd4 10. Qd1 c6 11. Ba2 Ne6 12. Be3 Nd7 13. Qg4 Nf6 14. Qf3 a5 15.
Rae1 Nd7 16. Qg4 Ndc5 17. g3 Bf6 18. Kg2 Nd4 19. Qd1 Qb6 20. b3 Rad8 21. Ne2 d5
22. exd5 cxd5 23. f4 Nxe2 24. Qxe2 exf4 25. Rxf4 Bc3 26. Ref1 d4 27. b4 Ne6 28.
Bxe6 Qxe6 29. Re4 Qd5 0-1

[Event "Bayerische EM 2022 - Allgemeine Gruppe"]
[Site "Rosenheim"]
[Date "2022.08.27"]
[Round "9.4"]
[White "Niedermeier, Thomas"]
[Black "Monninger, Moritz"]
[Result "1-0"]
[WhiteElo "2253"]
[BlackElo "2071"]
[PlyCount "83"]
[EventDate "2022.??.??"]
[WhiteTeam "SV Ilmmünster"]
[BlackTeam "SK Herzogenaurach"]

1. e4 e6 2. d4 d5 3. Nc3 Nc6 4. Nf3 Nf6 5. Bd3 Nb4 6. e5 Nxd3+ 7. Qxd3 Nd7 8.
Bg5 Be7 9. h4 a6 10. Bxe7 Qxe7 11. h5 b6 12. h6 g6 13. Nd1 Bb7 14. c3 O-O-O 15.
Ne3 Kb8 16. Ng4 c5 17. Qd2 Ka7 18. Qg5 Qf8 19. O-O a5 20. Qd2 f5 21. exf6 Nxf6
22. Nxf6 Qxf6 23. Rfe1 Rhe8 24. Re5 cxd4 25. cxd4 Rc8 26. Rc1 Qf8 27. Rxc8 Bxc8
28. Re1 Bd7 29. Ne5 Qd6 30. Rc1 Kb7 31. Rc3 Rf8 32. Rf3 Rf5 33. Rb3 Ba4 34. Rh3
Bb5 35. Nxg6 Rf6 36. Ne5 Qf8 37. f3 Be8 38. Qg5 Bg6 39. Nd7 Rf5 40. Qxg6 Qe7
41. Qg7 Rf7 42. Rg3 1-0

[Event "Bayerische EM 2022 - Allgemeine Gruppe"]
[Site "Rosenheim"]
[Date "2022.08.27"]
[Round "9.5"]
[White "Albert, Markus"]
[Black "Schmid, Roland"]
[Result "0-1"]
[WhiteElo "2024"]
[BlackElo "2233"]
[PlyCount "42"]
[EventDate "2022.??.??"]
[WhiteTeam "SC Ansbach"]
[BlackTeam "Post Regensburg"]

1. g4 d5 2. Bg2 c6 3. h3 h5 4. g5 e5 5. d3 Ne7 6. c4 dxc4 7. dxc4 Qxd1+ 8. Kxd1
Be6 9. b3 Nd7 10. Nc3 O-O-O 11. Kc2 Nf5 12. Nf3 f6 13. Nd2 Bb4 14. Nde4 Nd4+
15. Kb2 f5 16. e3 fxe4 17. exd4 exd4 18. Nxe4 Bf5 19. Bf4 Bxe4 20. Bxe4 Rhf8
21. Bg3 h4 0-1

[Event "Bayerische EM 2022 - Allgemeine Gruppe"]
[Site "Rosenheim"]
[Date "2022.08.27"]
[Round "9.6"]
[White "Kocak, Ediz"]
[Black "Lohvinov, Petro"]
[Result "1-0"]
[WhiteElo "2080"]
[BlackElo "2232"]
[PlyCount "85"]
[EventDate "2022.??.??"]
[WhiteTeam "SGem Fürth"]
[BlackTeam "SK München Südost"]

1. e4 c5 2. Nf3 e6 3. g3 Nc6 4. Bg2 Qc7 5. O-O Nf6 6. Re1 Be7 7. Nc3 O-O 8. b3
d5 9. e5 Nd7 10. Qe2 a6 11. d3 d4 12. Nb1 b5 13. h4 Bb7 14. h5 h6 15. Nbd2 Nb6
16. Nf1 c4 17. N1h2 cxd3 18. cxd3 Bb4 19. Rf1 Nd5 20. Ng4 Bc3 21. Rb1 Nce7 22.
Nd2 Nf5 23. Ne4 Bb4 24. Rb2 Nc3 25. Qf3 Rab8 26. Bf4 Rfd8 27. Rc2 Qb6 28. Nh2
Nd5 29. Bc1 Rbc8 30. Rxc8 Rxc8 31. g4 Nh4 32. Qh3 Nxg2 33. Qxg2 Nc3 34. g5 Bxe4
35. dxe4 Ne2+ 36. Kh1 Rxc1 37. Rxc1 Nxc1 38. gxh6 Bf8 39. hxg7 Be7 40. Ng4 Bg5
41. h6 Qc5 42. Nf6+ Bxf6 43. h7+ 1-0

[Event "Bayerische EM 2022 - Allgemeine Gruppe"]
[Site "Rosenheim"]
[Date "2022.08.27"]
[Round "9.7"]
[White "Michalek, Michal"]
[Black "Böhme, Sebastian"]
[Result "1-0"]
[WhiteElo "2153"]
[BlackElo "2198"]
[PlyCount "133"]
[EventDate "2022.??.??"]
[WhiteTeam "1.FC Marktleuthen"]
[BlackTeam "SC Erlangen"]

1. d4 Nf6 2. c4 e6 3. g3 c5 4. Nf3 cxd4 5. Nxd4 d5 6. Bg2 e5 7. Nf3 d4 8. O-O
Nc6 9. e3 Be7 10. exd4 exd4 11. a3 a5 12. b3 O-O 13. Re1 Be6 14. Nbd2 Nd7 15.
Bb2 Qb6 16. Ne4 Nc5 17. Nxc5 Bxc5 18. Ne5 Nxe5 19. Rxe5 Rfd8 20. Qf3 d3 21. Rg5
Bd4 22. Rb5 Qxb5 23. cxb5 Bxb2 24. Rd1 d2 25. Qe3 Rd7 26. Rxd2 Bc1 27. Qxe6
Rxd2 28. Qe7 Rad8 29. Bxb7 R2d7 30. Qe4 Bxa3 31. Bc6 Rd2 32. Qe5 Bb2 33. Qc7
Ba3 34. Qe5 Rc2 35. Be4 Rc5 36. Qf4 Rxb5 37. Bxh7+ Kf8 38. Qa4 Rb4 39. Qxa3 g6
40. Qxa5 Rd1+ 41. Kg2 Rxb3 42. Qe5 Rb6 43. h4 Re6 44. Qh8+ Ke7 45. Qb2 Rd5 46.
Qb7+ Rd7 47. Qb4+ Rdd6 48. h5 gxh5 49. Qh4+ Kf8 50. Qxh5 Kg7 51. Bc2 Rh6 52.
Qg5+ Kf8 53. Be4 Rhe6 54. Bf5 Rh6 55. g4 Rh8 56. Kg3 Rh1 57. Qe3 Rdh6 58. Qe5
Rg1+ 59. Kf4 Rg2 60. f3 Ra6 61. Be4 Rh2 62. Kf5 Rhh6 63. g5 Rh5 64. Bd5 Ra5 65.
Qd6+ Ke8 66. Kf6 Ra7 67. Qb8+ 1-0

[Event "Bayerische EM 2022 - Allgemeine Gruppe"]
[Site "Rosenheim"]
[Date "2022.08.27"]
[Round "9.9"]
[White "Stöttner, Lukas"]
[Black "Kleibel, Uwe"]
[Result "1/2-1/2"]
[WhiteElo "1972"]
[BlackElo "2183"]
[PlyCount "91"]
[EventDate "2022.??.??"]
[WhiteTeam "SK Landau-Dingolfing"]
[BlackTeam "SC Bavaria Regensburg von 1881"]

1. e4 e5 2. f4 exf4 3. Nf3 Nf6 4. Nc3 d5 5. exd5 Nxd5 6. Nxd5 Qxd5 7. d4 Bd6 8.
c4 Qe4+ 9. Kf2 Bf5 10. c5 Be7 11. Bb5+ c6 12. Re1 Qd5 13. Ba4 Qd8 14. Qe2 Be6
15. Bb3 Bxb3 16. axb3 Nd7 17. Bxf4 Nf6 18. Bd6 Nd5 19. Bxe7 Nxe7 20. d5 cxd5
21. Nd4 Kf8 22. Qf3 Kg8 23. Kg1 Qd7 24. Re5 f6 25. Re6 Kf7 26. Rd6 Qc8 27. Rc1
Rd8 28. Nb5 Kg8 29. Rxd8+ Qxd8 30. Nd6 Qd7 31. Re1 a5 32. Qh5 Rf8 33. Qe2 Nf5
34. Nb5 Rd8 35. Qd3 g6 36. Nd4 Nxd4 37. Qxd4 Kf7 38. h3 Qc6 39. Ra1 Qb5 40. Rf1
Qc6 41. Ra1 Qe6 42. Qd2 b6 43. b4 axb4 44. Ra7+ Kg8 45. Qh6 Qe1+ 46. Kh2
1/2-1/2

[Event "Bayerische EM 2022 - Allgemeine Gruppe"]
[Site "Rosenheim"]
[Date "2022.08.27"]
[Round "9.10"]
[White "Stöttner, Moritz"]
[Black "Böhme, Markus"]
[Result "1/2-1/2"]
[WhiteElo "1906"]
[BlackElo "2170"]
[PlyCount "74"]
[EventDate "2022.??.??"]
[WhiteTeam "SK Landau-Dingolfing"]
[BlackTeam "SC Uttenreuth"]

1. e4 e5 2. Nf3 Nc6 3. Bc4 Bc5 4. c3 Nf6 5. d3 d6 6. O-O O-O 7. h3 a5 8. Re1 h6
9. d4 Ba7 10. Bb3 Re8 11. Bc2 Bd7 12. a4 exd4 13. cxd4 Nb4 14. Nc3 Nxc2 15.
Qxc2 c6 16. Qd1 Be6 17. Ra3 Qd7 18. Bf4 Rad8 19. Qc1 d5 20. e5 Ne4 21. Nxe4
dxe4 22. Rxe4 Bf5 23. Re1 Bxd4 24. Nxd4 Qxd4 25. Rg3 Kh7 26. b3 Rd5 27. Qe3 Qb4
28. Qc1 Red8 29. Rf3 Rc5 30. Qa1 Be6 31. Bg3 Rcd5 32. Qb1+ Kg8 33. Kh2 Rd4 34.
Rfe3 Rd2 35. Rf3 Qd4 36. Rf4 Qd3 37. b4 b6 1/2-1/2

[Event "Bayerische EM 2022 - Allgemeine Gruppe"]
[Site "Rosenheim"]
[Date "2022.08.27"]
[Round "9.11"]
[White "Brunner, Tobias"]
[Black "Bratu, Mircea"]
[Result "1/2-1/2"]
[WhiteElo "2050"]
[BlackElo "1684"]
[PlyCount "97"]
[EventDate "2022.??.??"]
[WhiteTeam "SC Windischeschenbach"]
[BlackTeam "SG Schwabing München"]

1. e4 c5 2. Nc3 Nc6 3. g3 g6 4. Bg2 Bg7 5. d3 d6 6. Be3 e5 7. Qd2 Nge7 8. Bh6
O-O 9. h4 Bxh6 10. Qxh6 f6 11. Nge2 Nd4 12. Qd2 Bg4 13. O-O Nf3+ 14. Bxf3 Bxf3
15. Qe3 Bg4 16. f3 Be6 17. f4 Qd7 18. Kh2 b5 19. Ng1 b4 20. Nce2 Rab8 21. Rf2
Nc6 22. Raf1 Nd4 23. Nc1 Qe7 24. f5 gxf5 25. exf5 Bf7 26. Nh3 Rbe8 27. g4 e4
28. Nf4 exd3 29. Qxd3 Qe4 30. Qg3 Kh8 31. c3 bxc3 32. bxc3 Nc6 33. Ncd3 Ne5 34.
Re1 Qc4 35. g5 Nxd3 36. gxf6 Rg8 37. Rxe8 Bxe8 38. Qxd3 Qxd3 39. Nxd3 Rf8 40.
Kg3 Rxf6 41. Kg4 Bd7 42. Nb2 Kg7 43. Nc4 d5 44. Ne3 d4 45. cxd4 cxd4 46. Nc4
Rc6 47. Ne5 Rd6 48. Kf4 d3 49. Nxd7 1/2-1/2

[Event "Bayerische EM 2022 - Allgemeine Gruppe"]
[Site "Rosenheim"]
[Date "2022.08.27"]
[Round "9.12"]
[White "Steinhauer, Artur"]
[Black "Biedenkopf, Philipp"]
[Result "0-1"]
[WhiteElo "1920"]
[BlackElo "1746"]
[PlyCount "48"]
[EventDate "2022.??.??"]
[WhiteTeam "SC Bavaria Regensburg von 1881"]
[BlackTeam "SK Passau"]

1. e4 c5 2. Nf3 e6 3. d4 cxd4 4. Nxd4 a6 5. Bd3 Bc5 6. Nb3 Be7 7. Qg4 g6 8. Qe2
d6 9. O-O Nd7 10. Nc3 Qc7 11. Bd2 b6 12. Rae1 Bb7 13. Kh1 h5 14. f4 Ngf6 15. e5
Ng4 16. h3 dxe5 17. hxg4 hxg4+ 18. Kg1 f5 19. fxe5 Nc5 20. Nd4 Nxd3 21. Qxd3
Bc5 22. Bg5 g3 23. Re3 Rh1+ 24. Kxh1 Qh7+ 0-1

[Event "Bayerische EM 2022 - Allgemeine Gruppe"]
[Site "Rosenheim"]
[Date "2022.08.27"]
[Round "9.13"]
[White "Ritzka, Simon"]
[Black "Straub, Jürgen"]
[Result "1/2-1/2"]
[WhiteElo "2057"]
[BlackElo "2126"]
[PlyCount "113"]
[EventDate "2022.??.??"]
[WhiteTeam "SC Roter Turm Altstadt"]
[BlackTeam "TSV Ingolstadt Nord"]

1. e4 e6 2. d4 d5 3. Nd2 Nf6 4. e5 Nfd7 5. Bd3 c5 6. c3 Nc6 7. Ne2 cxd4 8. cxd4
f6 9. exf6 Nxf6 10. Nf3 Bd6 11. Bg5 Qa5+ 12. Nc3 O-O 13. O-O a6 14. Bh4 Nh5 15.
Ng5 Nf6 16. Nf3 Qc7 17. Bg3 Bxg3 18. hxg3 e5 19. dxe5 Nxe5 20. Nxe5 Qxe5 21.
Qb3 Kh8 22. Rad1 Re8 23. Rd2 Qd6 24. Be2 Be6 25. Bf3 d4 26. Qa4 Rad8 27. Rfd1
Qb6 28. Ne2 d3 29. Nf4 Bf5 30. Qb3 Qxb3 31. axb3 Rd7 32. Nxd3 Red8 33. Ne5 Rxd2
34. Nf7+ Kg8 35. Nxd8 Rxb2 36. Bxb7 Rxb3 37. Bxa6 Rb1 38. Bc4+ Kf8 39. Rxb1
Bxb1 40. Ne6+ Kg8 41. f3 h6 42. Kf2 Kh7 43. Nf8+ Kh8 44. Ke3 g5 45. Kd4 Kg7 46.
Ke5 Ng4+ 47. fxg4 Kxf8 48. Kf6 Be4 49. Ke5 Bxg2 50. Bd5 Bf1 51. Kf6 Be2 52. Be6
Bf3 53. Bf5 Be2 54. Kg6 Bf3 55. Kxh6 Be2 56. Kxg5 Kg7 57. Bc8 1/2-1/2

[Event "Bayerische EM 2022 - Allgemeine Gruppe"]
[Site "Rosenheim"]
[Date "2022.08.27"]
[Round "9.14"]
[White "Sandner, Michael"]
[Black "Weiß, Thomas"]
[Result "0-1"]
[WhiteElo "2089"]
[BlackElo "1970"]
[PlyCount "66"]
[EventDate "2022.??.??"]
[WhiteTeam "SG Traunstein/Traunreut"]
[BlackTeam "DJK-Regensburg Nord"]

1. e4 c5 2. Nf3 Nc6 3. d4 cxd4 4. Nxd4 g6 5. Nc3 Bg7 6. Be3 Nf6 7. Bc4 O-O 8.
Bb3 Re8 9. f3 d5 10. Nxd5 Nxd5 11. exd5 Nb4 12. c4 e6 13. dxe6 Bxe6 14. Kf2
Bxc4 15. Bxc4 Rxe3 16. Kxe3 Bxd4+ 17. Ke2 Qh4 18. g3 Re8+ 19. Kd2 Qf6 20. Qb3
Be3+ 21. Ke2 Nc6 22. Kd3 Qd6+ 23. Bd5 Nb4+ 24. Ke2 Nxd5 25. Rhd1 Qa6+ 26. Qd3
Bb6+ 27. Kd2 Qa5+ 28. Kc1 Nb4 29. Qc3 Be3+ 30. Rd2 Bxd2+ 31. Kxd2 Qd5+ 32. Kc1
Re1+ 33. Qxe1 Nd3+ 0-1

[Event "Bayerische EM 2022 - Allgemeine Gruppe"]
[Site "Rosenheim"]
[Date "2022.08.27"]
[Round "9.15"]
[White "Fuchs, Florian"]
[Black "Vuckovic, Robert"]
[Result "0-1"]
[WhiteElo "1887"]
[BlackElo "1846"]
[PlyCount "96"]
[EventDate "2022.??.??"]
[WhiteTeam "DJK SF Haselbach"]
[BlackTeam "SF Augsburg"]

1. e4 c5 2. Nf3 e6 3. d4 cxd4 4. Nxd4 Nf6 5. Nc3 Nc6 6. Ndb5 Bb4 7. a3 Bxc3+ 8.
Nxc3 O-O 9. Bg5 d5 10. exd5 exd5 11. Bd3 Re8+ 12. Ne2 h6 13. Bh4 Qa5+ 14. c3
Ne4 15. O-O Qb6 16. Qc2 Bf5 17. Kh1 Ne5 18. Nd4 Ng3+ 19. Bxg3 Bxd3 20. Qd2 Bxf1
21. Rxf1 Nc4 22. Qd3 Nxb2 23. Qf3 Qa6 24. Rg1 Rad8 25. Nf5 Nc4 26. Bh4 g5 27.
Qh5 Qg6 28. Qxg6+ fxg6 29. Nxh6+ Kg7 30. Bxg5 Rd6 31. Ng4 Re2 32. f3 Rde6 33.
Bh4 Ra2 34. Bf2 Rxa3 35. Bd4+ Kf7 36. Nf2 Rea6 37. Nd3 Ra1 38. Nf4 Nb6 39. h4
Rxg1+ 40. Kxg1 Ra1+ 41. Kh2 Rb1 42. g4 a5 43. h5 gxh5 44. gxh5 Nd7 45. h6 Nf8
46. Nxd5 a4 47. c4 a3 48. Ne3 Rc1 0-1

[Event "Bayerische EM 2022 - Allgemeine Gruppe"]
[Site "Rosenheim"]
[Date "2022.08.27"]
[Round "9.16"]
[White "Bruss, Robert"]
[Black "Wagner, Tizian"]
[Result "0-1"]
[WhiteElo "1845"]
[BlackElo "1806"]
[PlyCount "52"]
[EventDate "2022.??.??"]
[WhiteTeam "SV Altensittenbach"]
[BlackTeam "SV Seubelsdorf"]

1. d4 d5 2. c4 e6 3. Nc3 Nf6 4. cxd5 exd5 5. Bg5 c6 6. e3 Bf5 7. Qf3 Bg6 8.
Bxf6 gxf6 9. Be2 Qb6 10. Nd1 Bb4+ 11. Kf1 Nd7 12. Nh3 O-O-O 13. Nf4 Bd6 14. Nh5
Be4 15. Qh3 Kb8 16. Rc1 Qa5 17. Nc3 Bg6 18. Bg4 Qb4 19. b3 Qa3 20. Ke2 Qb2+ 21.
Kf3 Bb4 22. Na4 Qxa2 23. Bxd7 Be4+ 24. Kg3 Rhg8+ 25. Bg4 f5 26. Nf6 fxg4 0-1

[Event "Bayerische EM 2022 - Allgemeine Gruppe"]
[Site "Rosenheim"]
[Date "2022.08.27"]
[Round "9.17"]
[White "Duong, Quang Bach"]
[Black "Rosenboom, Niko"]
[Result "1/2-1/2"]
[WhiteElo "1525"]
[BlackElo "1678"]
[PlyCount "65"]
[EventDate "2022.??.??"]
[WhiteTeam "SK Nürnberg"]
[BlackTeam "SGem Fürth"]

1. e4 c5 2. Nf3 e6 3. d4 cxd4 4. Nxd4 a6 5. c4 Nf6 6. Nc3 Qc7 7. a3 b6 8. f4 d6
9. Bd3 Bb7 10. Qe2 Be7 11. O-O O-O 12. Be3 Nbd7 13. b4 Rac8 14. Rac1 Qb8 15.
Qf3 Qa8 16. g4 h6 17. Rfe1 Rfd8 18. Bd2 Bf8 19. Qg2 Ne5 20. fxe5 dxe5 21. Nxe6
fxe6 22. Bf1 Nxe4 23. Nxe4 Rd4 24. Bc3 Bxe4 25. Qb2 Rd7 26. Bxe5 Rcd8 27. Re2
Bf3 28. Rf2 Bxg4 29. Qc3 Qe4 30. Re1 Qh7 31. Qe3 Be7 32. Rg2 Bg5 33. Qxb6
1/2-1/2

[Event "Bayerische EM 2022 - Allgemeine Gruppe"]
[Site "Rosenheim"]
[Date "2022.08.27"]
[Round "9.18"]
[White "Luhn, Robert"]
[Black "Redzepovic, Irfan"]
[Result "0-1"]
[WhiteElo "1989"]
[BlackElo "2108"]
[PlyCount "66"]
[EventDate "2022.??.??"]
[WhiteTeam "SK Caissa Augsburg"]
[BlackTeam "SW Nürnberg Süd"]

1. d4 Nf6 2. Nf3 g6 3. c4 Bg7 4. Nc3 O-O 5. e4 d6 6. Be2 e5 7. O-O Nbd7 8. Be3
exd4 9. Bxd4 Re8 10. Qc2 b6 11. Rfe1 Bb7 12. Bf1 Nf8 13. Rad1 Ne6 14. Be3 Nd7
15. Nd2 Nd4 16. Qb1 a5 17. g3 Nc5 18. Bg2 Qd7 19. Nf3 Nxf3+ 20. Bxf3 Bxc3 21.
bxc3 Bxe4 22. Bxe4 Nxe4 23. Qc1 Qf5 24. Rd5 Qf3 25. Bd4 c6 26. Rxe4 Rxe4 27.
Rxd6 Rae8 28. Be3 h5 29. Qf1 R4e6 30. Rd4 c5 31. Rf4 Qc6 32. g4 Re4 33. Qg2 Qe6
0-1

[Event "Bayerische EM 2022 - Allgemeine Gruppe"]
[Site "Rosenheim"]
[Date "2022.08.27"]
[Round "9.20"]
[White "Höller, Armin"]
[Black "Fuchs, Michael"]
[Result "0-1"]
[WhiteElo "2045"]
[BlackElo "2049"]
[PlyCount "100"]
[EventDate "2022.??.??"]
[WhiteTeam "SK Weilheim"]
[BlackTeam "DJK SF Haselbach"]

1. c4 c6 2. g3 d5 3. Bg2 Nf6 4. Nf3 Bf5 5. O-O e6 6. Nh4 Bg6 7. cxd5 cxd5 8. d3
Be7 9. Qb3 Qd7 10. Nc3 Nc6 11. Nxg6 hxg6 12. e4 d4 13. e5 Ng4 14. Ne4 Ngxe5 15.
Bd2 Ng4 16. Rac1 Nf6 17. Nc5 Bxc5 18. Rxc5 O-O 19. Rfc1 Rac8 20. Qb5 a6 21. Qa4
Nd5 22. b4 Qd6 23. b5 Nc3 24. Bxc3 Qxc5 25. bxc6 dxc3 26. cxb7 Rc7 27. Rc2 Qb5
28. Qxb5 axb5 29. Kf1 b4 30. Ke2 Rb8 31. Ke3 Rbxb7 32. Bxb7 Rxb7 33. d4 Kf8 34.
Kd3 Rc7 35. a3 bxa3 36. Rxc3 Rxc3+ 37. Kxc3 Ke7 38. Kb3 Kd6 39. Kxa3 Kd5 40.
Kb3 Kxd4 41. Kc2 Ke4 42. Kd2 Kf3 43. Ke1 g5 44. Kf1 g4 45. Kg1 g5 46. Kf1 f5
47. Kg1 f4 48. Kf1 e5 49. Kg1 Ke2 50. h4 gxh3 0-1

[Event "Bayerische EM 2022 - Allgemeine Gruppe"]
[Site "Rosenheim"]
[Date "2022.08.27"]
[Round "9.21"]
[White "Bunk, Wolfgang"]
[Black "Donegani, Peter"]
[Result "1/2-1/2"]
[WhiteElo "2011"]
[BlackElo "2040"]
[PlyCount "50"]
[EventDate "2022.??.??"]
[WhiteTeam "SC Bavaria Regensburg von 1881"]
[BlackTeam "SG Traunstein/Traunreut"]

1. d4 Nf6 2. c4 g6 3. Nc3 d5 4. Nf3 Bg7 5. Qb3 dxc4 6. Qxc4 O-O 7. e4 Na6 8.
Be2 c5 9. d5 e6 10. O-O exd5 11. exd5 Re8 12. Be3 Bf5 13. Rad1 Ne4 14. Nxe4
Rxe4 15. Qc1 Qb6 16. b3 Ree8 17. Rfe1 Rac8 18. Nh4 Bd7 19. Kh1 Bf6 20. Nf3 Bf5
21. Rd2 Qb4 22. Rdd1 Red8 23. Bd3 Qb6 24. Bg5 Nb4 25. d6 Rxd6 1/2-1/2